Paraguay (Record no. 493)
[ view plain ]
| 000 -LEADER | |
|---|---|
| campo de control de longitud fija | 00521nam a22001577a 4500 |
| 008 - DATOS DE LONGITUD FIJA--INFORMACIÓN GENERAL | |
| campo de control de longitud fija | 150327b xxu||||| |||| 00| 0 eng d |
| 020 ## - NÚMERO INTERNACIONAL ESTÁNDAR DEL LIBRO | |
| Número Internacional Estándar del Libro | 9789871073566 |
| 082 ## - NÚMERO DE LA CLASIFICACIÓN DECIMAL DEWEY | |
| Número de clasificación | 861.982 |
| Número de ítem | R 696p |
| 100 ## - ENTRADA PRINCIPAL--NOMBRE DE PERSONA | |
| Nombre de persona | Rodriguez, Martin |
| 9 (RLIN) | 2326 |
| 245 ## - MENCIÓN DEL TÍTULO | |
| Título | Paraguay |
| Mención de responsabilidad, etc. | Rodriguez, Martin |
| 260 ## - PUBLICACIÓN, DISTRIBUCIÓN, ETC. | |
| Lugar de publicación, distribución, etc. | Bahia Blanca, Buenos Aires/Argentina |
| Nombre del editor, distribuidor, etc. | Vox Senda |
| Fecha de publicación, distribución, etc. | 2012 |
| 300 ## - DESCRIPCIÓN FÍSICA | |
| Extensión | 64 p. |
| Otras características físicas | ill. |
| Dimensiones | 20 cm |
| Material acompañante/anejo | 4 ilustraciones a color |
| 500 ## - NOTA GENERAL | |
| Nota general | Cuatro ilustraciones adjuntas |
| 650 ## - PUNTO DE ACCESO ADICIONAL DE MATERIA--TÉRMINO DE MATERIA | |
| Subdivisión general | Literatura |
| -- | Poesía |
| Subdivisión geográfica | Argentina |
| 9 (RLIN) | 2134 |
| 700 ## - ENTRADA AGREGADA--NOMBRE PERSONAL | |
| Nombre de persona | Martin Rodriguez |
| 9 (RLIN) | 2327 |
| Estatus retirado | Estado de pérdida | Fuente del sistema de clasificación o colocación | Estado de daño | No para préstamo | Biblioteca de origen | Biblioteca actual | Ubicación en estantería | Fecha de adquisición | Total de préstamos | Signatura topográfica completa | Código de barras | Visto por última vez | Precio de reemplazo | Tipo de ítem Koha |
|---|---|---|---|---|---|---|---|---|---|---|---|---|---|---|
| Clasificación Decimal Dewey | Biblioteca LadoV | Biblioteca LadoV | 27/03/2015 | 861.982 R 696p | 004023 | 27/03/2015 | 27/03/2015 | Material 01 |
